000 00542nam a2200169 a 4500
005 20140412111410.0
008 070215s19uu xx 00 eng d
020 _a971-508-244-0
050 _aFil E
_bMi68 2004
100 _aMagnuson, Robert
245 _aMister beetle's many rooms /
_cRobert Magnuson.
260 _aPhilippines :
_bAdarna House,
_c2004.
520 _aPlants do grow, as Mr. Beetle eventually realized when his home started sprouting new rooms
650 _aBugs-Fiction
650 _aPlants- Fiction
999 _c105658
_d105658